000 00615nam a22001937a 4500
005 20251108173302.0
008 250721s2006 xx 000 0 ara d
082 1 4 _a370.78/ربي
100 1 _aربيع، هادي مشعان
245 1 0 _aطرق البحث التربوي /
264 1 _aعمان :
_bمكتبة المجتمع العربي للنشر والتوزيع،
_c2006.
300 _a224 ص
650 1 7 _aالأبحاث التربوية
650 1 7 _aالتنمية التربوية
650 1 7 _aالتنظيم التربوي
650 1 7 _aالتربية
942 _2ddc
_cBK
999 _c100378
_d100378